A agroindustrializacao como estratégia de reproducao social da agricultura familiar /

Enregistré dans:
Détails bibliographiques
Auteur principal: Pelegrini, Gelson
Autres auteurs: Gazolla, Marcio
Format: Texte
Tags: Ajouter un tag
Pas de tags, Soyez le premier à ajouter un tag!

MARC

LEADER 00000 a a2200000 04500
001 46906
003
040
100 |a Pelegrini, Gelson  
245 |a A agroindustrializacao como estratégia de reproducao social da agricultura familiar /  |c Gelson Pelegrini, Marcio Gazolla  
700 |a Gazolla, Marcio  
773 |g volumen17, número2, (2009), páginas 332-378 : tablas, mapas  
999 |c 25576  |d 25576